Indian Economy: (Record no. 212553)

MARC details
000 -LEADER
fixed length control field 00636nam a22001937a 4500
005 - DATE AND TIME OF LATEST TRANSACTION
control field 20250724123819.0
010 ## - LCCN (DPL NO)
LC control number ENG-146101
020 ## - INTERNATIONAL STANDARD BOOK NUMBER
International Standard Book Number 9789364446693
Terms of availability 850.00
035 ## - SYSTEM CONTROL NUMBER
System control number EN-129633
037 ## - SOURCE OF ACQUISITION
Source of stock number/acquisition DBAD
082 ## - DEWEY DECIMAL CLASSIFICATION NUMBER
Classification number 330.954
Edition number 6
100 ## - MAIN ENTRY--PERSONAL NAME
Personal name Singhania, Nitin
245 ## - TITLE STATEMENT
Title Indian Economy:
Statement of responsibility, etc Nitin Singhania
Remainder of title For Civil Services and other Competitve Examinations/
250 ## - EDITION STATEMENT
Edition statement 6
260 ## - PUBLICATION, DISTRIBUTION, ETC. (IMPRINT)
Place of publication, distribution, etc Chennai
Name of publisher, distributor, etc McGraw Hill Education Private Limited
Date of publication, distribution, etc 2025
270 ## - ADDRESS
City Chennai`
Address Anjana Complex No. 5/90 A, Butt Road, St Thomas Mount
Postal code 600016
300 ## - PHYSICAL DESCRIPTION
Extent 783p.
Dimensions 24cm(pbk)
942 ## - ADDED ENTRY ELEMENTS (KOHA)
Source of classification or shelving scheme Dewey Decimal Classification
Item type English Books
Classification part 330.954
Call number suffix SIN
Holdings
Withdrawn status Lost status Not for loan Collection code Home library Current library Date acquired Source of acquisition Cost, normal purchase price Full call number Barcode Copy number Cost, replacement price Koha item type
      Non-fiction Central Library Central Library 24/07/2025 Delivery of Books Act Division 850.00 330.954 SIN EN-129633 1 850.00 English Books

© Delhi Public Library
Hit Counter
free hit counter